000 00882nas a2200289 4500
001 BR0100748
003 BR-BrBNA
005 20231205102053.0
007 ta
008 230509b bl.|||p| |||| 00| 00por d
040 _aBR-BrBNA
_bpor
_cBiblioteca Nacional de Agricultura
041 _a(Pt)
072 _aP34
100 1 _aMartins, M.A.
100 1 _aGoncalves, G.F. de
100 1 _aSoares, A.C.F.
245 1 _aEfeito de fungos micorrizicos arbusculares associados a compostos fenolicos, no crescimento de mudas de mamoeiro
650 _aMamao
650 _aMicorriza
650 _aComposto Fenolico
650 _aMateria Seca
650 _aCrescimento
650 _aMuda
773 0 _tPesquisa Agropecuaria Brasileira (Brazil)
_xISSN 0100-204X
_g(Jul 2000), v. 35(7) p. 1465-1471
_wBR0100748
909 _a202311
_bLúcia
_c55
_dLúcia Elande
942 _2AGRIS
_n0
_cANA
999 _c165581
_d165581